Discurso leido en la Universidad Literaria de Santiago en la solemne inaguración del curso académico de 1882 á 1883 / (Record no. 162174)

MARC details
000 -LEADER
campo de control de longitud fija 01381nam a22002415i 4500
001 - NÚMERO DE CONTROL
campo de control 162174
003 - IDENTIFICADOR DE NÚMERO DE CONTROL
campo de control ES-MaACL
005 - FECHA Y HORA DE LA ÚLTIMA TRANSACCIÓN
campo de control 20230906212439.0
008 - DATOS DE LONGITUD FIJA--INFORMACIÓN GENERAL
campo de control de longitud fija 960201s1882 sp |||| | spa d
040 ## - FUENTE DE CATALOGACIÓN
Centro catalogador/agencia de origen GA
Lengua de catalogación spa
Centro/agencia transcriptor CCPB | SIC
100 1# - ENTRADA PRINCIPAL--NOMBRE DE PERSONA
Nombre de persona Piñeiro Herba, Manuel.
9 (RLIN) 131196
245 10 - MENCIÓN DEL TÍTULO
Título Discurso leido en la Universidad Literaria de Santiago en la solemne inaguración del curso académico de 1882 á 1883 /
Mención de responsabilidad, etc. por Manuel Piñeiro Herba. [Memoria acerca del estado de la Universidad de Santiago en el curso de 1881 a 1882].
260 ## - PUBLICACIÓN, DISTRIBUCIÓN, ETC.
Lugar de publicación, distribución, etc. Santiago de Compostela :
Nombre del editor, distribuidor, etc. [s.n.],
Fecha de publicación, distribución, etc. 1882 (
Fabricante Oficina tipografica de D. Manuel Mirás y Alvarez)
300 ## - DESCRIPCIÓN FÍSICA
Extensión 119, 172 p. ;
Dimensiones 31 cm.
505 8# - NOTA DE CONTENIDO CON FORMATO
Nota de contenido con formato Existen ejemplares de la ed. encuadernados con la memoria
594 ## - Nota al título y mención de responsabilidad
Nota al título y mención de responsabilidad En cub. constan las dos obras unidas por un "y"
597 ## - NOTA DE DESCRIPCIÓN FÍSICA
NOTA DE DESCRIPCIÓN FÍSICA Segunda obra con port. y pag. propias.
597 ## - NOTA DE DESCRIPCIÓN FÍSICA
NOTA DE DESCRIPCIÓN FÍSICA Port. a tres tintas.
710 2# - ENTRADA AGREGADA--NOMBRE DE ENTIDAD CORPORATIVA
Nombre de entidad corporativa o nombre de jurisdicción como elemento de entrada Universidad Literaria de Santiago de Compostela.
9 (RLIN) 135006
740 0# - ENTRADA AGREGADA--TÍTULO RELACIONADO/ANALÍTICO NO CONTROLADO
Título relacionado o analítico no controlado Memoria acerca del estado de la Universidad de Santiago en el curso 1881 a 1882.
852 ## - LOCALIZACIÓN
Ubicación ES-MaACL
Número de control de estantería T-443-F-5
Nota libre -- Enc. hol.
condición física -- Falto de la cub. original
-- -- Falto de la segunda obra
Nota libre -- Ejemplar mal encuadernado, existe otra obra en medio
-- -- Enc. en un vol. facticio
852 ## - LOCALIZACIÓN
Ubicación ES-MaACL
Número de control de estantería T-392-F-7-8
Nota libre -- Enc. hol.
-- -- Falto de la cub. original
-- -- Enc. en un vol. facticio
Holdings
Estatus retirado Estado de pérdida Estado de daño No para préstamo Colección Biblioteca de origen Biblioteca actual Ubicación en estantería Fecha de adquisición Total de préstamos Signatura topográfica completa Código de barras Visto por última vez Precio de reemplazo Tipo de ítem Koha
        Colección de folletos Biblioteca del Ateneo de Madrid Biblioteca del Ateneo de Madrid Depósito folletos 17/01/2008   T-392-F-7-8 1169896 23/02/2023 23/02/2023 Folleto
        Colección de folletos Biblioteca del Ateneo de Madrid Biblioteca del Ateneo de Madrid Depósito folletos 17/01/2008   T-443-F-5 1169895 23/02/2023 23/02/2023 Folleto